000 00576nam a2200181Ia 4500
008 090124s9999 xx 000 0 und d
082 _b118320
100 _aशहाणे रत्नप्रभा
245 _a हृदयातले चांदणे
250 _a1
260 _c1978
300 _a158
600 _aशहाणे रत्नप्रभा
630 _a हृदयातले चांदणे
700 _aशहाणे रत्नप्रभा
730 _a हृदयातले चांदणे
942 _cBOOK
999 _c164407
_d164407